000 00520nam a2200169Ia 4500
008 240729s9999 xx 000 0 und d
022 _a2257-7750
245 0 _aMechanics & Industry
260 _aFrance
260 _bEDP Sciences
650 _a Electrical engineering. Electronics. Nuclear engineering
650 _a Materials of engineering and construction. Mechanics of materials
650 _aTechnology
856 _uhttps://doaj.org/toc/4adc3a6a1ef247e48b91248c7ab59651
942 _2ddc
942 _cDOAJEJ
999 _c69289
_d69289
945 _a1
_bMadushi Gamage
_c1
_dMadushi Gamage